000
nam a22 7a 4500
999
_c
52906
_d
52906
003
OSt
005
20220707140937.0
008
220707b xxu||||| |||| 00| 0 eng d
040
_c
IIMT UNIVERSITY MEERUT
100
_a
DR. SHARMA, S
245
_a
DIGITAL SIGNAL PROCESSING -6th
260
_b
katson
300
_a
535
942
_2
ddc
_c
09